| Tag |
First Indicator |
Second Indicator |
Subfields |
| LEADER |
00000cam a2200000 a 4500 |
| 001 |
in00000050958 |
| 005 |
20151007080054.0 |
| 008 |
810930s1982 inua b 00110 eng |
| 010 |
|
|
|a 81007217
|
| 020 |
|
|
|a 025334347X
|
| 035 |
|
|
|a (OCoLC)07875418
|
| 035 |
|
|
|9 AAF4218AM
|
| 039 |
0 |
|
|a 2
|b 3
|c 3
|d 3
|e 3
|
| 040 |
|
|
|a DLC
|c DLC
|d TXA
|d UtOrBLW
|
| 049 |
|
|
|a TXAM
|c 1 [1272476], 2 [275025]
|
| 050 |
0 |
0 |
|a ML420 D98
|b B7
|
| 082 |
0 |
|
|a 784.4/924
|2 19
|
| 100 |
1 |
|
|a Bowden, Betsy.
|
| 245 |
1 |
0 |
|a Performed literature :
|b words and music by Bob Dylan /
|c Betsy Bowden.
|
| 263 |
|
|
|a 8205
|
| 264 |
|
1 |
|a Bloomington :
|b Indiana University Press,
|c [1982]
|
| 264 |
|
4 |
|c ©1982
|
| 300 |
|
|
|a x, 239 pages :
|b illustrations ;
|c 24 cm.
|
| 336 |
|
|
|a text
|b txt
|2 rdacontent
|
| 337 |
|
|
|a unmediated
|b n
|2 rdamedia
|
| 338 |
|
|
|a volume
|b nc
|2 rdacarrier
|
| 500 |
|
|
|a Includes index.
|
| 504 |
|
|
|a Includes bibliographies and discography.
|
| 600 |
1 |
0 |
|a Dylan, Bob,
|d 1941-
|t Lyrics.
|
| 650 |
|
0 |
|a Popular music
|z United States
|v Texts.
|
| 650 |
|
0 |
|a Music and literature.
|
| 650 |
|
0 |
|a Lyric poetry.
|
| 700 |
1 |
|
|a Dylan, Bob,
|d 1941-
|
| 999 |
|
|
|a MARS
|
| 999 |
f |
f |
|s b0e9bf3d-4c6d-3bfe-b0de-8650a8cdfd72
|i 457ddb6c-d463-3e5e-9188-1fff22649889
|t 0
|
| 952 |
f |
f |
|p ric
|a Texas A&M University
|b Rellis Campus
|c Joint Library Facility
|d Remote Storage
|t 0
|e ML420 D98 B7
|h Library of Congress classification
|i unmediated -- volume
|m A14808860370
|
| 998 |
f |
f |
|a ML420 D98 B7
|t 0
|l Remote Storage
|